000 00415nam a2200169Ia 4500
001 18361
008 140405s9999 xx 000 0 und d
020 _a0-13-673443-x
040 _cPK-LaUMT
082 _a 005
_bGLA-S
100 _aRobert L. Glass
245 _aSoftware runaways
_cRobert L. Glass
260 _aUpper Saddle River,USA:
_bPrentice Hall,
_c1998
300 _a259 p.
546 _aEN
942 _cBK
999 _c18752
_d18752